Piłkarze Reprezentacji Mauretanii - nagła śmierć - Statystyki

Ogólne statystyki
  • Ten quiz został rozwiązany 9 razy
  • Średni wynik to 4 z 10
Answers on the Grid
Answers color-coded by a green-red scale on the quiz's grid according to % correct below.
Moctar Sidi El Hacen
Diadie Samassékou
Beyatt Lekoueiry
Keeagile Kobe
Aboubakar Kamara
Harouna Abou Demba
El Fardou Ben Nabouhane
Adama Ba
Faruku Miya
Aly Abeid
Yassine Meriah
Ahmad Benali
Khassa Camara
Abdoul Bâ
Papy Djilobodji
Pape Ibnou Ba
Sidi Bouna Amar
Baghdad Bounedjah
 
Statystyki odpowiedzi
Odpowiedź % Poprawnych
Abdoul Bâ
67%
Moctar Sidi El Hacen
50%
Aboubakar Kamara
33%
Adama Ba
33%
Aly Abeid
33%
Beyatt Lekoueiry
33%
Khassa Camara
33%
Pape Ibnou Ba
33%
Harouna Abou Demba
17%
Sidi Bouna Amar
17%
Nie znaleziono quizów pasujących do podanych kryteriów
Rozkład punktacji
Procent ludzi z każdym wynikiem
Percentyl według liczby udzielonych odpowiedzi
Twoja historia wyników
Nie rozwiązałeś tego quizu